Punishment, prison and the public; (Record no. 756)

MARC details
000 -LEADER
fixed length control field 01087cam a2200313 4500
001 - CONTROL NUMBER
control field 1718312
003 - CONTROL NUMBER IDENTIFIER
control field OSt
005 - DATE AND TIME OF LATEST TRANSACTION
control field 20110722085634.0
008 - FIXED-LENGTH DATA ELEMENTS--GENERAL INFORMATION
fixed length control field 720320s1971 enk b 000 0 eng
010 ## - LIBRARY OF CONGRESS CONTROL NUMBER
LC control number 72176019
015 ## - NATIONAL BIBLIOGRAPHY NUMBER
National bibliography number B***
020 ## - INTERNATIONAL STANDARD BOOK NUMBER
International Standard Book Number 0420437908
-- 0420438009 (pbk)
040 ## - CATALOGING SOURCE
Original cataloging agency DLC
Transcribing agency DLC
Modifying agency DLC
043 ## - GEOGRAPHIC AREA CODE
Geographic area code e-uk-en
050 00 - LIBRARY OF CONGRESS CALL NUMBER
Classification number HV9647
Item number .C73
082 00 - DEWEY DECIMAL CLASSIFICATION NUMBER
Classification number 364.7 CRO
100 1# - MAIN ENTRY--PERSONAL NAME
Personal name Cross, Rupert,
Titles and other words associated with a name Sir,
Dates associated with a name 1912-1980.
9 (RLIN) 2060
245 10 - TITLE STATEMENT
Title Punishment, prison and the public;
Remainder of title an assessment of penal reform in twentieth century England by an armchair penologist,
Statement of responsibility, etc by Rupert Cross.
260 ## - PUBLICATION, DISTRIBUTION, ETC. (IMPRINT)
Place of publication, distribution, etc London,
Name of publisher, distributor, etc Stevens,
Date of publication, distribution, etc 1971.
300 ## - PHYSICAL DESCRIPTION
Extent xvi, 192 p.
Dimensions 19 cm.
350 ## - PRICE (NR) (BK AM CF MU VM SE) [OBSOLETE]
Price £2.25
440 #4 - SERIES STATEMENT/ADDED ENTRY--TITLE
Title The Hamlyn lectures ;
Volume number/sequential designation 23rd ser.
9 (RLIN) 2061
504 ## - BIBLIOGRAPHY, ETC. NOTE
Bibliography, etc Bibliography: p. 191-192.
650 #0 - SUBJECT ADDED ENTRY--TOPICAL TERM
Topical term or geographic name as entry element Prisons
Geographic subdivision England.
9 (RLIN) 2062
650 #0 - SUBJECT ADDED ENTRY--TOPICAL TERM
Topical term or geographic name as entry element Punishment
Geographic subdivision England.
9 (RLIN) 2063
906 ## - LOCAL DATA ELEMENT F, LDF (RLIN)
a 7
b cbc
c orignew
d 3
e ncip
f 19
g y-gencatlg
942 ## - ADDED ENTRY ELEMENTS (KOHA)
Source of classification or shelving scheme Dewey Decimal Classification
Koha item type Books
Holdings
Withdrawn status Lost status Source of classification or shelving scheme Damaged status Not for loan Home library Current library Shelving location Date acquired Total Checkouts Full call number Barcode Date last seen Price effective from Koha item type
    Dewey Decimal Classification     Law Development Centre Main Library Law Development Centre Main Library Text Books and Laws 04/28/2011   364.7 CRO 2011/2508 04/28/2011 04/28/2011 Books